000 00720nam a2200241 a 4500
005 20160806020002.0
008 140220b1993 ck a gr|||| 00| 0 spa d
020 _a9540414
040 _aCO-BoIAVH
_cCO-BoIAVH
041 _aspa
044 _ack
082 4 _a598.09861
_bJ37a
090 _aLB
_b00307
100 1 _aJaramillo de Olarte, Lucía
245 1 _aAves de Colombia 167 especies... !Déjelas Volar!
260 _aBogotá
_bATA
_c1993
300 _a288 paginas.
_bIlustraciones
_c24 x 16 cm
650 4 _aAves
_zColombia
650 4 _aGuía de campo
_zColombia
650 4 _aÍndice de especies
_vAves
_xCaracterísticas
_zColombia
662 _aColombia
942 _cLIBRO
_2ddc
_01
999 _c327
_d327